000 00368nam a2200145Ia 4500
008 230711s9999||||xx |||||||||||||| ||und||
041 _aENG
082 _a540
_bAR-W
100 _aArun,Shourie
245 4 _aThe World of Fatwas or The shariah in Action
250 _a1st
260 _c1995
_aNew Delhi
_bNew Delhi ISTE Publication
650 _aLiterature
942 _cBK
999 _c3600
_d3600